| 000 | 00848nas a2200265 4500 | ||
|---|---|---|---|
| 001 | BR2014004688 | ||
| 003 | BR-BrBNA | ||
| 005 | 20231205124319.0 | ||
| 007 | ta | ||
| 008 | 230509b bl.|||p| |||| 00| 00por d | ||
| 040 |
_aBR-BrBNA _bpor _cBiblioteca Nacional de Agricultura |
||
| 041 | _a(En) | ||
| 072 | _aF02 | ||
| 100 | 1 | _aAmbrósio, S.T. | |
| 100 | 1 | _aMelo, N.F. de | |
| 245 | 1 | _aInteraction between sucrose and pH during in vitro culture of Nephrolepis biserrata (Sw.)Schott (Pteridophyta) | |
| 650 | _aSAMAMBAIA | ||
| 650 | _aPLANTA ORNAMENTAL | ||
| 650 | _aPROPAGAÇÃO VEGETATIVA | ||
| 650 | _aACLIMATAÇÃO | ||
| 650 | _aCULTURA IN VITRO | ||
| 773 | 0 |
_tActa Botanica Brasilica (Brazil) _xISSN 0102-3306 _g(Oct-Dec 2004), v. 18(4) p. 809-813 _wBR2014004688 |
|
| 909 |
_a202311 _bLúcia _c55 _dLúcia Elande |
||
| 942 |
_2AGRIS _n0 _cANA |
||
| 999 |
_c238428 _d238428 |
||